Statistics for Legendary Pokémon

Click here to take the quiz!

General Stats

  • This quiz has been taken 45 times
    (16 since last reset)
  • The average score is 20 of 68

Answer Stats

GenerationLegendary Pokemon% Correct
Mewtwo
80%
Ho-Oh
70%
Gen 1Articuno
60%
Lugia
60%
Moltres
60%
Zapdos
60%
Entei
50%
Rayquaza
50%
Zygarde
50%
Gen 2Azelf
40%
Gen 7Dialga
40%
Giratina
40%
Groudon
40%
Kyogre
40%
Latias
40%
Latios
40%
Mesprit
40%
Palkia
40%
Raikou
40%
Suicune
40%
Uxie
40%
Heatran
30%
Koraidon
30%
Miraidon
30%
Necrozma
30%
Regice
30%
Regigigas
30%
Regirock
30%
Registeel
30%
Solgaleo
30%
Xerneas
30%
Yveltal
30%
Calyrex
20%
Gen 3Cobalion
20%
Gen 4Cosmoem
20%
Gen 5Cosmog
20%
Gen 6Cresselia
20%
Eternatus
20%
Glastrier
20%
Kubfu
20%
Kyurem
20%
Landorus
20%
Lunala
20%
Reshiram
20%
Spectrier
20%
Tapu Bulu
20%
Tapu Fini
20%
Tapu Koko
20%
Tapu Lele
20%
Terrakion
20%
Thundurus
20%
Tornadus
20%
Urshifu
20%
Virizion
20%
Zacian
20%
Zamazenta
20%
Zekrom
20%
Chien-Pao
10%
Chi-Yu
10%
Enamorus
10%
Ogerpon
10%
Regidrago
10%
Regieleki
10%
Silvally
10%
Terapagos
10%
Ting-Lu
10%
Type: Null
10%
Wo-Chien
10%

Score Distribution

Percentile by Number Answered

Percent of People with Each Score

Your Score History

You have not taken this quiz since the last reset